00263nam a2200121Ia 45000030006000000080041000060400015000471000014000622450027000762600009001035460012001120050017001240STCL150530s9999 xx 000 0 und d aSTCLcSTCL aRoy, R.N. aTextbook of Biophysics c2005 aEnglish20220125170433.0